Statistics for One Word Celebrities #1

Click here to take the quiz!

General Stats

  • This quiz has been taken 82 times
  • The average score is 11 of 17

Answer Stats

HintAnswer% Correct
Singer of HelloAdele
91%
Singer of Like a VirginMadonna
91%
Singer of Single LadiesBeyonce
90%
Colombian singer of Hips Don't LieShakira
90%
Singer of DisturbiaRihanna
78%
Lead singer of U2Bono
77%
Singer of The Real Slim ShadyEminem
77%
Singer of TiK ToKKesha
71%
Brazilian retired professional footballerPele
66%
Singer of Hotline BlingDrake
65%
Singer of 99 ProblemsJay-Z
58%
Singer of Somebody I Used To KnowGotye
57%
Singer of Thrift ShopMacklemore
53%
Singer of Hotel Room Service and TimberPitbull
51%
Queen of Tejano MusicSelena
25%
Lead singer of band LMFAORedfoo
19%
Singer of Rock the BoatAaliyah
13%

Score Distribution

Percentile by Number Answered

Percent of People with Each Score

Your Score History

You have not taken this quiz